The letter of the law / (Record no. 75)

MARC details
000 -LEADER
fixed length control field 00610cam a2200253Ia 4500
003 - CONTROL NUMBER IDENTIFIER
control field data
005 - DATE AND TIME OF LATEST TRANSACTION
control field 20260322212005.0
008 - FIXED-LENGTH DATA ELEMENTS--GENERAL INFORMATION
fixed length control field data
010 ## - LIBRARY OF CONGRESS CONTROL NUMBER
LC control number 00022285
020 ## - INTERNATIONAL STANDARD BOOK NUMBER
International Standard Book Number 0446522996
020 ## - INTERNATIONAL STANDARD BOOK NUMBER
International Standard Book Number 9780446522991
040 ## - CATALOGING SOURCE
Original cataloging agency DLC
Transcribing agency DLC
Modifying agency JBO
043 ## - GEOGRAPHIC AREA CODE
Geographic area code n-us-tx
099 ## - LOCAL FREE-TEXT CALL NUMBER (OCLC)
Classification number GREENT
001 - CONTROL NUMBER
control field data
100 1# - MAIN ENTRY--PERSONAL NAME
Personal name Green, Tim,
Dates associated with a name 1963-
245 14 - TITLE STATEMENT
Title The letter of the law /
Statement of responsibility, etc. Tim Green.
260 ## - PUBLICATION, DISTRIBUTION, ETC.
Place of publication, distribution, etc. New York :
Name of publisher, distributor, etc. Warner Books,
Date of publication, distribution, etc. c2000.
300 ## - PHYSICAL DESCRIPTION
Extent 341 p. ;
Dimensions 24 cm.
650 #0 - SUBJECT ADDED ENTRY--TOPICAL TERM
Topical term or geographic name entry element Women lawyers
Form subdivision Fiction.
650 #0 - SUBJECT ADDED ENTRY--TOPICAL TERM
Topical term or geographic name entry element Trials (Murder)
Form subdivision Fiction.
651 #0 - SUBJECT ADDED ENTRY--GEOGRAPHIC NAME
Geographic name Texas
Form subdivision Fiction.
655 #7 - INDEX TERM--GENRE/FORM
Genre/form data or focus term Legal stories.
Source of term lcsh.
Holdings
Withdrawn status Lost status Damaged status Not for loan Home library Current library Shelving location Date acquired Total checkouts Full call number Barcode Date last seen Price effective from Koha item type
        Liberty Liberty General stacks 22/03/2026   GEN BC0010078 22/03/2026 22/03/2026 Books